Southern Illinois Alumni - Statistics

General Stats
  • This quiz has been taken 6 times
  • The average score is 7 of 11
Answer Stats
Hint Answer % Correct
Television host and actress, judge on "The Masked Singer" and former co-host of "The View" Jenny McCarthy
100%
Actress, "Mike & Molly" "Bridesmaids" "Tammy" "Can You Ever Forgive Me?" Melissa McCarthy
100%
Actor best known for his role as Saul Goodman on "Breaking Bad" and "Better Call Saul" Bob Odenkirk
80%
Actor, "According to Jim" "Red Heat" "Twin Peak" Jim Belushi
80%
Hall of Fame point guard who played most notably for the New York Knicks Walt Frazier
80%
Former pitcher who spent the majority of his career with the Toronto Blue Jays and is inducted in the Canadian Baseball Hall of Fame Dave Stieb
60%
Safety who plays for the Carolina Panthers Jeremy Chinn
60%
Former center fielder who played for all five National League West teams and winner of five Gold Glove Awards Steve Finley
60%
Bassist who has been recoding and touring with the Rolling Stones since 1993 Darryl Jones
40%
Actor best known for his role as John Shaft in the "Shaft" film series Richard Roundtree
40%
Senator from Illinois from 2009 to 2010 and Attorney General of Illinois from 1991 to 1995 Roland Burris
40%
No matching quizzes found
Score Distribution
Percent of People with Each Score
Percentile by Number Answered
Your Score History
You have not taken this quiz